Cyclisme: vainqueurs des courses du calendrier World Tour 2023 - Statistiques

Statistiques générales
  • Ce quiz a été pris 490 fois
  • Le résultat moyen est 24 sur 35
Statistiques - réponses
Course Vainqueur % Correct
Paris-Nice Tadej Pogacar
100%
Tour des Flandres Tadej Pogacar
100%
Amstel Gold Race Tadej Pogacar
100%
La Fleche Wallonne Tadej Pogacar
100%
Tour de Lombardie Tadej Pogacar
100%
Tour du Pays basque Jonas Vingegaard
97%
Critérium du Dauphiné Jonas Vingegaard
97%
Tour de France Jonas Vingegaard
97%
Milan - San Remo Mathieu van der Poel
97%
Paris-Roubaix Mathieu van der Poel
97%
Tirreno - Adriatico Primoz Roglic
93%
Tour de Catalogne Primoz Roglic
93%
Tour d'Italie Primoz Roglic
93%
E3 Saxo Bank Classic Wout van Aert
93%
UAE Tour Remco Evenepoel
91%
Liège-Bastogne-Liège Remco Evenepoel
91%
Clasica San Sebastian Remco Evenepoel
91%
Tour d'Espagne Sepp Kuss
78%
Brugge-De Panne Classic Jasper Philipsen
68%
Gand - Wevelgem Christophe Laporte
67%
À travers la Flandre Christophe Laporte
67%
Strade Bianche Tom Pidcock
67%
Tour de Romandie Adam Yates
65%
GP Montreal Adam Yates
65%
BEMER Cyclassics Mads Pedersen
44%
Bretagne Classic Valentin Madouas
44%
GP Quebec Arnaud De Lie
41%
Omloop Het Nieuwsblad Dylan van Baarle
36%
Tour de Suisse Mattias Skjelmose
35%
Tour de Pologne Matej Mohoric
29%
Tour Down Under Jay Vine
27%
Renewi Tour Tim Wellens
20%
Tour de Guangxi Milan Vader
16%
Cadel Road Race Marius Mayrhofer
14%
Eschborn-Frankfurt Søren Kragh Andersen
11%
Aucun quiz correspondant
Distribution des résultats
% des personnes avec chaque résultat
Percentile par nombre de réponses
Votre historique - résultats
Vous n’avez pas pris ce quiz